Cyclisme: Top 30 des Championnats du Monde 2023 - Statistiques

Statistiques générales
  • Ce quiz a été pris 233 fois
  • Le résultat moyen est 13 sur 30
Statistiques - réponses
Pos Nation Coureur % Correct
3ème Slovénie Tadej Pogacar
100%
1er Pays-Bas Mathieu Van der Poel
99%
2ème Belgique Wout Van Aert
99%
4ème Danemark Mads Pedersen
94%
5ème Suisse Stefan Küng
83%
25ème Belgique Remco Evenepoel
81%
15ème France Valentin Madouas
80%
10ème Italie Alberto Bettiol
63%
8ème Lettonie Toms Skujins
60%
11ème Etats-Unis Neilson Powless
58%
9ème Belgique Tiesj Benoot
55%
12ème Pays-Bas Dylan Van Baarle
51%
6ème Belgique Jasper Stuyven
47%
23ème Lettonie Krists Neilands
38%
14ème Danemark Mattias Skjelmose Jensen
36%
7ème Australie Matthew Dinham
31%
13ème Suisse Mauro Schmid
29%
17ème Norvège Rasmus Tiller
27%
19ème Espagne Alex Aranburu
18%
29ème Lettonie Emils Liepins
18%
30ème Espagne Iván Garcia Cortina
18%
21ème Australie Simon Clarke
16%
16ème Allemagne John Degenkolb
15%
20ème Etats-Unis Kevin Vermaerke
13%
26ème Royaume-Uni Connor Swift
12%
28ème Italie Lorenzo Rota
10%
22ème Autriche Patrick Gamper
10%
27ème Italie Simone Velasco
8%
18ème Royaume-Uni Owain Doull
4%
24ème Rep. Tchèque Pavel Kelemen
4%
Aucun quiz correspondant
Distribution des résultats
% des personnes avec chaque résultat
Percentile par nombre de réponses
Votre historique - résultats
Vous n’avez pas pris ce quiz